| 000 | 01191nam a22003017a 4500 | ||
|---|---|---|---|
| 003 | EG-ScBUE | ||
| 005 | 20211122105955.0 | ||
| 008 | 120412s1996 ua f 000 f ara d | ||
| 020 | _a9770704938 | ||
| 040 |
_aEG-ScBUE _bara _erda _cEG-ScBUE _dEG-ScBUE |
||
| 041 | 1 |
_aara _heng |
|
| 082 | 0 | 4 |
_a823.914 _bف ا و _222 |
| 100 | 1 |
_929644 _aفاولز، جون، _d1926-2005، _eمؤلف. |
|
| 245 | 1 | 0 |
_aعشيقة الضابط الفرنسي / _cبقلم جون فاولز ؛ ترجمة عبد الحميد فهمي الجمال. |
| 264 | 1 |
_aالقاهرة : _bدار الهلال، _c1996. |
|
| 300 |
_a354 صفحة ؛ _c15 سم. |
||
| 336 |
_2rdacontent _aنص _btxt |
||
| 337 |
_2rdamedia _aبدون وسيط _bn |
||
| 338 |
_2rdacarrier _aمجلد _bnc |
||
| 490 | 0 |
_aروايات الهلال ؛ _vالعدد 572 |
|
| 546 | _aالنص باللغة العربية وتم ترجمته من اللغة الإنجليزية. | ||
| 650 | 7 |
_913460 _aالقصص الإنجليزية _yقرن 20. _2BUEsh |
|
| 651 | _2BUEsh | ||
| 653 |
_cApril2012 _bHHUUEENN |
||
| 655 |
_vReading book _934232 |
||
| 700 | 1 |
_929645 _aالجمال، عبد الحميد فهمي، _eمترجم. |
|
| 942 |
_2ddc _cBB |
||
| 999 |
_c16653 _d16653 |
||